000 00553cam a22002053a 4500
001 44879
003 PGUSA
005 20140828084026.0
008 140213s2014||||xxu|||||s|||||000 | eng d
040 _aPGUSA
_beng
042 _adc
100 1 _aRead, Opie P.
245 1 0 _aUp Terrapin River
_h[electronic resource] /
_cOpie P. Read
260 _bProject Gutenberg,
_c2014
506 _aPublic domain in the USA.
516 _aElectronic text
830 0 _aProject Gutenberg
_v44879
856 4 0 _uhttp://www.gutenberg.org/ebooks/44879
942 _cEB
999 _c274130
_d274130